000 00341 a2200157 4500
001 68053
020 _a9783126765268
040 _cAnchieta - Pituba
100 _aMotta, Giorgio
240 1 0 _aDeutsch echt einfach A2
_l
245 1 0 _aDeutsch echt einfach A2
300 _a136
362 0 _a2017
650 4 _aLíngua alemã
942 _cBK
999 _c68053
_d68053